[Event "COL-ch"]
[Site "Palmira"]
[Date "2017.05.20"]
[Round "9"]
[White "Bedoya Cossio, Samuel"]
[Black "Tatekawa Palacio, Shigeki"]
[Result "0-1"]
[WhiteElo "1300"]
[BlackElo "1288"]
[PlyCount "62"]
[EventDate "2017.05.15"]
[EventType "swiss"]
[EventRounds "10"]
[EventCountry "COL"]
[SourceTitle "CBM 178 Extra"]
[Source "ChessBase"]
[SourceDate "2017.06.22"]
[SourceVersion "1"]
[SourceVersionDate "2017.06.22"]
[SourceQuality "1"]

1. e4 e5 2. Nc3 Nf6 3. Nf3 Nc6 4. Bb5 Bc5 5. 0-0 0-0 6. d3 d6 7. Bg5 a6 8. Bxc6 bxc6 9. Bxf6 Qxf6 10. Qe2 Qg6 11. Nh4 Qg5 12. g3 Bg4 13. Qe1 Rab8 14. b3 Rb4 15. a3 Rd4 16. b4 d5 17. bxc5 a5 18. a4 Rb4 19. exd5 cxd5 20. Rb1 Rd4 21. Rb5 Bh3 22. Ne2 Rxh4 23. Rxa5 Qg4 24. f3 Qg5 25. g4 Rxg4+ 26. fxg4 Qxg4+ 27. Ng3 f5 28. Rb5 f4 29. a5 fxg3 30. a6 gxh2+ 31. Kh1 Qg2# 0-1

[Event "COL-ch"]
[Site "Palmira"]
[Date "2017.05.20"]
[Round "8"]
[White "Medina, Juan Esteban"]
[Black "Tatekawa Palacio, Shigeki"]
[Result "1-0"]
[WhiteElo "1385"]
[BlackElo "1288"]
[PlyCount "49"]
[EventDate "2017.05.15"]
[EventType "swiss"]
[EventRounds "10"]
[EventCountry "COL"]
[SourceTitle "CBM 178 Extra"]
[Source "ChessBase"]
[SourceDate "2017.06.22"]
[SourceVersion "1"]
[SourceVersionDate "2017.06.22"]
[SourceQuality "1"]

1. c4 Nf6 2. Nc3 Nc6 3. e3 e5 4. g3 Bc5 5. Bg2 0-0 6. Nge2 d6 7. 0-0 Bg4 8. a3 a6 9. Qc2 Qc8 10. Re1 Bh3 11. Bh1 Bf5 12. d3 Ng4 13. b4 Ba7 14. b5 Ne7 15. bxa6 bxa6 16. Qd2 Qe6 17. Nd5 Nxd5 18. cxd5 Qh6 19. h4 Qxe3 20. fxe3 Bxe3+ 21. Qxe3 Nxe3 22. Bxe3 Bxd3 23. Rad1 Bf5 24. Rf1 Bh3 25. Bg2 1-0

[Event "COL-ch"]
[Site "Palmira"]
[Date "2017.05.16"]
[Round "2"]
[White "Lopez Rayo, Santiago"]
[Black "Tatekawa Palacio, Shigeki"]
[Result "1-0"]
[WhiteElo "1583"]
[BlackElo "1288"]
[PlyCount "28"]
[EventDate "2017.05.15"]
[EventType "swiss"]
[EventRounds "10"]
[EventCountry "COL"]
[SourceTitle "CBM 178 Extra"]
[Source "ChessBase"]
[SourceDate "2017.06.22"]
[SourceVersion "1"]
[SourceVersionDate "2017.06.22"]
[SourceQuality "1"]

1. e4 e5 2. Nf3 Nc6 3. d4 exd4 4. Bc4 Bc5 5. c3 Qf6 6. 0-0 Nge7 7. Bg5 Qd6 8. Bxe7 Qxe7 9. cxd4 Bd6 10. e5 Nxe5 11. dxe5 Bxe5 12. Nxe5 Qxe5 13. Re1 d6 14. Rxe5+ dxe5 1-0